MDQL
is popping MORE tags! Check the
thread
!
Quizzes
Events
Quiz Creation
Community
Videos
Private Events
Remove Ads
Sign In
Join for FREE
Feedback
Dark Mode
Quiz Categories
Sports
Geography
Music
Movies
Television
Just For Fun
Miscellaneous
History
Literature
Language
Science
Gaming
Entertainment
Religion
Holiday
For Kids
Quiz Lab
Recent
Popular Today
Quiz Kudos Today
Editor Picks
Curator Picks
Quizzes by...
Day
Popularity
Type
Ratings
Length
Year
Community
Subscriptions
Recent Discussions
Orange Saloon
Badges
Playlists
Quests
Create
Leaderboards
Showdown
Live 5
Trivia Bingo
Activity
Puzzle Library
Sporcle Events
Private Events
Virtual Trivia
Globe League
Become a Host
Pub Owners
SporcleCon
Opinionation
Our Games
Videos
Blog
Mobile Apps
Partnerships
Remove Ads and Go Orange
Feedback
Miscellaneous
Crossword
General Knowledge
Baby Names
Logo
Food
Cars
Numbers
Grab Bag
University
College
Popular
Company
Slogans
Restaurants
Justice
Letter
Miscellaneous
Crossword
General Knowledge
Baby Names
Logo
Food
Cars
Numbers
Grab Bag
University
College
Popular
Company
Slogans
Restaurants
Justice
Letter
Random Quiz
Search Sporcle
×
Quiz Lab
Quiz Lab
Miscellaneous
Word Ladder
Type in answers that appear in a list
Type in answers that appear in a list
Classic
Best Score? Go Orange.
Mega Pixar Word Ladder Stats
Can you name the 4-letter-words in this Pixar themed word ladder?
By
nixdabom
10m
101 Questions
461 Plays
461 Plays
461 Plays
Comments
Comments
Give Quiz Kudos
Give Quiz Kudos
-
- Ratings
hide this ad
Replay
Link that replays current quiz
Next Quiz
Link to next quiz in quiz playlist
You Got
0%
They Got
Avg Score
67%
Avg Friend Score
Upgrade to see
Score Distribution
Jump to the score distribution portion of the page
Score
0/101
Timer
10:00
0
Plays Today
Hint
4-letter-word
% Correct
Not yours
Mine
88%
Pixar's 9th movie: _
_
_
_
-
E
*WALL*
86%
Third word in Pixar's 2nd movie: 'A _
_
_
_
_
_
_
_
'
*Life*
85.8%
Turn water into _
_
_
_
Wine
85.3%
Uneaten part of an apple
Core
85.3%
Wine stopper
Cork
85.1%
Actor Ferrell
Will
84.5%
Farmhouse
Barn
84.2%
'A _
_
_
_
of Two Cities'
Tale
84%
Forgetful fish in Pixar's 5th movie
*Dory*
82.9%
Parasite found on the scalp
Lice
82.5%
Pixar's 5th movie: Finding _
_
_
_
*Nemo*
82.5%
Make a cake
Bake
82.5%
Not short
Tall
82.3%
'No ifs, _
_
_
_
, or buts
Ands
81.6%
Nerd or geek
Dork
81.6%
To form
Make
81.2%
Spaceman toy from Pixar's 1st movie
*Buzz*
81%
A walking stick
Cane
80.5%
Road Runner's nemesis: _
_
_
_
E. Coyote
Wile
80.3%
Block of hay
Bale
79.9%
Second word in Pixar's 2nd movie: 'A _
_
_
_
_
_
_
_
'
*Bug's*
79.6%
Not wild
Tame
79.6%
Widower's loss
Wife
78.6%
Condemn
Damn
78.1%
Pyramid and cylinder hybrid
Cone
77.5%
Big gorilla movie: _
_
_
_
[Above Rung]
King
77.2%
Stomach acid
Bile
77.2%
Beavers' creations
Dams
77%
Chinese dynasty after Yuan
Ming
76.8%
Green monster from Pixar's 4th movie
*Mike*
76.8%
Big gorilla movie: [Below Rung] _
_
_
_
Kong
76.6%
Just in _
_
_
_
Case
76.6%
Money
Cash
75.5%
Hint
4-letter-word
% Correct
Owner of [First Rung] and [Last Rung]
*Andy*
75.3%
Mild cuss
Darn
75.1%
Fourth dimension?
Time
74.8%
Short hair, like on a peach
Fuzz
74.8%
Enjoy
Like
74.6%
Group of cows
Herd
74%
Piggy bank toy from 1st Pixar movie
*Hamm*
73.7%
February 14th question: '_
_
_
_
valentine?'
Be my
72.6%
Charged atoms
Ions
71.8%
Quality of sound
Tone
71.8%
Multiple 2000-
pound units
Tons
71.3%
Short note
Memo
71.3%
Corona topper
Lime
71.3%
Had been spotted
Seen
71.1%
Uncool
Lame
71.1%
Final stage of HIV
AIDS
70.9%
Main rat in Pixar's 8th movie
*Remy*
70.9%
Dweeb
Nerd
70.9%
Fiddling Emperor
Nero
69.8%
Ripped
Tore
69.6%
Christmas dinners
Hams
69.4%
Silent actor
Mime
69.1%
'You make a better _
_
_
_
than a window'
Door
68.9%
Acorn, e.g.
Seed
68.5%
Fast boy in Pixar's 6th movie
*Dash*
67.4%
Had existed
Been
67.2%
Prestigious race, abbreviated: _
_
_
_
500.
Indy
66.5%
Taverns
Inns
66.5%
British supporter
Tory
66.3%
Overused internet fad
Meme
65.9%
Listen to
Heed
65%
Alice in Chains' song: 'Get _
_
_
_
Again'
Born
63.7%
Sleeps characterized by random movement of eyes
REMs
62.8%
Marks with pen
Inks
62.4%
Hint
4-letter-word
% Correct
Lady Gaga album: _
_
_
_
Monster
Fame
61.3%
Sews the edge
Hems
60.8%
Pixar's 7th movie
*Cars*
60.6%
Beryllium + Manganese
BeMn
60%
Uncovered
Bare
59.5%
Strike or blow
Bash
58.9%
Old man in Pixar's 10th movie
*Carl*
58.4%
Makes a low sound
Hums
58.4%
A fish or instrument
Bass
57.1%
Hoodlums
Bums
57.1%
American Idol singer Bo
Bice
56.2%
Swear
Cuss
56%
Containers
Bags
55.8%
Vietnamese currency
Dong
55.4%
Bottom
Base
55.4%
Foggy or unclear
Inky
54.7%
Rude person
Boor
52.5%
Size or weight
Mass
52.5%
Covers
Lids
50.3%
Gloomy
Dour
49.7%
Benefit
Boon
49.5%
An original Nicktoon animated sitcom
Doug
49%
Mongrel dogs
Curs
48.6%
Smoke or vapor
Fume
48.5%
To wait for
Bide
47.9%
Bets
Bids
47.9%
Family name in Pixar's 6th movie
*Parr*
47.7%
Spiral
Curl
47.5%
Cut
Pare
44.9%
Complicated munitions version of above answer
Fuze
44%
Disorder
Muss
43.8%
Averages
Pars
42.7%
Simple burning resistor
Fuse
39.6%
Quiz Playlist
Details
Report
Send in Message
Add To Playlist
Classic:
Type in answers that appear in a list
Last Updated: Feb 16, 2017
Quiz Scoreboard
CHALLENGE
Sign Up to Join the Scoreboard
Show All
Scores
Hide
Comments
May contain spoilers
Recently Published
1-10 Letter E Words III
by El_Dandy
Language
2m
Street Fighter Characters
by Artimus82
Gaming
60s
College Basketball Coaching Resumes
by pancakes188
Sports
9m
More to Explore
Quiz From the Vault
Featured Blog Post
Where Did the Easter Bunny Come From?
hide this ad
You Might Also Like...
Tags
Pixar Quiz
Word Ladder Quiz
ultimate
Today's Top Quizzes in Miscellaneous
Browse Miscellaneous
hide this ad
Today's Top Quizzes in Word Ladder
Browse Word Ladder
Top Contributed Quizzes in Miscellaneous
1
5-to-1: Fast Food
2
The JOE quick-fire general knowledge quiz: Day 174
3
The JOE quick-fire general knowledge quiz: Day 173
4
5-to-1: Cocktails
5
The JOE quick-fire general knowledge quiz: Day 172
6
9x9 Crossword: Disney Movie Titles
7
9x9 Crossword: Charlie and the Chocolate Factory
8
Sunday Crossword: Famous Bodies of Water
9
The JOE quick-fire general knowledge quiz: Day 171
10
9x9 Crossword: Flags
Explore More
Trending Topics
Crossword
Marvel
NBA
Kpop
Anime
Disney
Harry Potter
The Office
Pokémon
WWE
Soccer
NFL
Puzzle
Country
Song
hide this ad
More By:
nixdabom
Quiz
Plays
Rating
Category
Featured
Created
5 Letters or Fewer Elements
176,097
4.70
Science
Oct 28, 2009
Word Ladder: Elements
41,319
4.35
Just For Fun
Jul 9, 2011
Word Ladder: Animals II
24,793
4.49
Just For Fun
Jan 28, 2012
Symbols in Writing
2,524
4.06
Language
Nov 16, 2009
Grammar/spelling Errors
2,046
2.40
Language
Nov 27, 2009
Go to Creator's Profile
Score Distribution
Quiz Creator Spotlight
nixdabom
Follow
Send a Message
Quizzes Created
-
Created Quiz Play Count
-
More By This Creator
Popular Quizzes Today
1
Find the US States - No Outlines Minefield
2
Find the Countries of Europe - No Outlines Minefield
3
The Countries of the World
4
Find the US States
5
Risky Map Clicking: Biggest States A-Z
6
US States
7
Popular People in 1961
8
Movies - When Are They Set?
More Miscellaneous Quizzes
Twitch FFZ/BTTV Emotes
Quiz Lab
Trending Quizzes
Risky Map Clicking: Least Populous States A-Z
Billboard Blitz: Aretha Franklin
1-10 Letter G Words
Countries of the World: 200 Million BC
1-10 Letter F Words
Recently Updated
Leaping Animals
pecheneg
Reality TV Shows (A-Z)
bhenderson79
Rickey Henderson's Hall of Fame Teammates
pecheneg
Champions League XIs: Arsenal
pecheneg
Quick Pick: Celebrities in WWE's Hall of Fame
aduchscher
A-Z Keypad Blitz II
pecheneg
Multiple Oscar Actors
pecheneg
Mystery Phrase Blitz: Oscar 'Best Actors'
pecheneg
F. Scott Fitzgerald Novels
LTH
Pick 3 Villains
ddd62291
Trending Topics
NBA
Marvel
Kpop
Crossword
Harry Potter
Anime
Disney
Puzzle
Song
The Office
WWE
Pokémon
NFL
Soccer
Country
Your Account Isn't Verified!
In order to create a playlist on Sporcle, you need to verify the email address you used during registration. Go to your
Sporcle Settings
to finish the process.
Report this User
Report this user for behavior that violates our
Community Guidelines
.
Details:
Send Report
Go to the Sporcle.com Mobile Site →
Comments